[Event "Barcelona Sant Marti op 8th"]
[Site "Barcelona"]
[Date "2019.03.14"]
[Round "9"]
[White "Gonzalez Jurado, Jesus"]
[Black "Rodriguez Saez, Gerard"]
[Result "0-1"]
[WhiteElo "1680"]
[BlackElo "1854"]
[PlyCount "62"]
[EventDate "2019.01.17"]
[EventType "swiss"]
[EventRounds "9"]
[EventCountry "ESP"]
[SourceTitle "CBM 189 Extra"]
[Source "ChessBase"]
[SourceDate "2019.06.03"]
[SourceVersion "1"]
[SourceVersionDate "2019.06.03"]
[SourceQuality "1"]

1. c4 Nf6 2. d4 g6 3. Nc3 Bg7 4. e4 d6 5. f3 0-0 6. Be3 e5 7. d5 a5 8. Qd2 Ne8 9. Bh6 Qh4+ 10. Qf2 Qxf2+ 11. Kxf2 Bxh6 12. Bd3 Na6 13. a3 Nc5 14. Bc2 f5 15. Ke2 b6 16. h4 fxe4 17. Nxe4 Nxe4 18. Bxe4 Nf6 19. Bd3 Nh5 20. Kf2 Bf5 21. Bxf5 gxf5 22. Nh3 Nf4 23. Nxf4 exf4 24. g4 fxg3+ 25. Kxg3 Kf7 26. Kf2 Rae8 27. b3 Be3+ 28. Kg2 Rg8+ 29. Kh3 f4 30. Raf1 Rg3+ 31. Kh2 Reg8 0-1

[Event "Barcelona Sant Marti op 8th"]
[Site "Barcelona"]
[Date "2019.02.28"]
[Round "7"]
[White "Poyato Duran, David"]
[Black "Gonzalez Jurado, Jesus"]
[Result "1/2-1/2"]
[WhiteElo "1737"]
[BlackElo "1680"]
[PlyCount "72"]
[EventDate "2019.01.17"]
[EventType "swiss"]
[EventRounds "9"]
[EventCountry "ESP"]
[SourceTitle "CBM 189 Extra"]
[Source "ChessBase"]
[SourceDate "2019.06.03"]
[SourceVersion "1"]
[SourceVersionDate "2019.06.03"]
[SourceQuality "1"]

1. d4 Nf6 2. c4 d6 3. Nc3 g6 4. e4 Bg7 5. h3 0-0 6. Nf3 e5 7. dxe5 dxe5 8. Bg5 Qxd1+ 9. Rxd1 Re8 10. Be2 c6 11. 0-0 h6 12. Be3 Nh5 13. Rd6 Nf4 14. Rfd1 Nxe2+ 15. Nxe2 Be6 16. b3 Na6 17. Nc3 Bf8 18. R6d3 f6 19. Nh2 h5 20. Nf1 Kf7 21. Ng3 Bb4 22. Na4 b6 23. Bd2 Be7 24. Be3 Red8 25. Rxd8 Rxd8 26. Rxd8 Bxd8 27. Kf1 Nb4 28. Nc3 Be7 29. Ke2 Nc2 30. Bd2 h4 31. Nf1 g5 32. Ne3 Nd4+ 33. Kd3 Kg6 34. Ne2 Nxe2 35. Kxe2 Kh5 36. f3 Kg6 1/2-1/2

[Event "Barcelona Sant Marti op 8th"]
[Site "Barcelona"]
[Date "2019.02.21"]
[Round "6"]
[White "Gonzalez Jurado, Jesus"]
[Black "Ramos Alvarez, Maximo"]
[Result "0-1"]
[WhiteElo "1680"]
[BlackElo "1838"]
[PlyCount "58"]
[EventDate "2019.01.17"]
[EventType "swiss"]
[EventRounds "9"]
[EventCountry "ESP"]
[SourceTitle "CBM 189 Extra"]
[Source "ChessBase"]
[SourceDate "2019.06.03"]
[SourceVersion "1"]
[SourceVersionDate "2019.06.03"]
[SourceQuality "1"]

1. c4 Nf6 2. Nc3 g6 3. g3 Bg7 4. Bg2 0-0 5. e4 d6 6. Nge2 c5 7. d3 Nc6 8. 0-0 a6 9. a4 Rb8 10. f4 e6 11. h3 Nb4 12. g4 Nd7 13. d4 cxd4 14. Nxd4 Bxd4+ 15. Qxd4 Nc2 16. Qxd6 Nxa1 17. f5 Qb6+ 18. Qxb6 Nxb6 19. Bh6 Nc2 20. Bxf8 Kxf8 21. Rd1 Ne3 22. Rd3 Nxg2 23. Kxg2 exf5 24. exf5 gxf5 25. Rd8+ Ke7 26. Rh8 fxg4 27. hxg4 Nxc4 28. b3 Ne3+ 29. Kf3 Bxg4+ 0-1

[Event "Barcelona Sant Marti op 8th"]
[Site "Barcelona"]
[Date "2019.01.31"]
[Round "3"]
[White "Rojas Fernandez, Andres"]
[Black "Gonzalez Jurado, Jesus"]
[Result "1/2-1/2"]
[WhiteElo "1896"]
[BlackElo "1680"]
[PlyCount "113"]
[EventDate "2019.01.17"]
[EventType "swiss"]
[EventRounds "9"]
[EventCountry "ESP"]
[SourceTitle "CBM 189 Extra"]
[Source "ChessBase"]
[SourceDate "2019.06.03"]
[SourceVersion "1"]
[SourceVersionDate "2019.06.03"]
[SourceQuality "1"]

1. e4 d6 2. d4 Nf6 3. Nc3 g6 4. f4 Bg7 5. Nf3 0-0 6. Bd3 a6 7. a4 c5 8. dxc5 dxc5 9. e5 Nd5 10. Nxd5 Qxd5 11. Qe2 Nc6 12. Be4 Qd7 13. Be3 Nd4 14. Bxd4 cxd4 15. Qc4 Qg4 16. g3 Be6 17. Qxd4 Rfd8 18. Qe3 Bd5 19. 0-0 Qc8 20. Rfd1 Bxe4 21. Qxe4 Qc7 22. Kg2 e6 23. c3 Bf8 24. h4 Rxd1 25. Rxd1 Be7 26. h5 Rd8 27. Rxd8+ Bxd8 28. hxg6 hxg6 29. Qd4 Be7 30. Nd2 Kg7 31. Ne4 Qc6 32. Kh2 a5 33. b3 b6 34. Qc4 Qxc4 35. bxc4 f5 36. Nd2 Bc5 37. Nf3 Be7 38. Nd4 Kf7 39. Kh3 g5 40. fxg5 Bxg5 41. Kg2 Bd2 42. Nb5 Be3 43. Kf3 Bc5 44. g4 fxg4+ 45. Kxg4 Be3 46. Kf3 Bc5 47. Ke4 Kg6 48. Nd4 Kf7 49. Nb5 Kg6 50. Kf4 Kf7 51. Nd4 Ba3 52. Nb5 Bc5 53. Nd4 Ba3 54. Ke4 Bc5 55. Nc6 Ba3 56. Na7 Bc5 57. Nb5 1/2-1/2

[Event "Barcelona Sant Marti op 7th"]
[Site "Barcelona"]
[Date "2018.01.18"]
[Round "2"]
[White "Ferrer Ache, Jesus"]
[Black "Gonzalez Jurado, Jesus"]
[Result "0-1"]
[WhiteElo "1505"]
[BlackElo "1757"]
[PlyCount "72"]
[EventDate "2018.01.11"]
[EventType "swiss"]
[EventRounds "9"]
[EventCountry "ESP"]
[SourceTitle "EXT 2019"]
[Source "ChessBase"]
[SourceDate "2018.10.10"]
[SourceVersion "1"]
[SourceVersionDate "2018.10.10"]
[SourceQuality "1"]

1. e4 d6 2. c4 Nf6 3. Nc3 g6 4. Nf3 Bg7 5. d3 e5 6. Be2 0-0 7. 0-0 Nc6 8. Rb1 a5 9. a4 Ne8 10. Kh1 f5 11. exf5 Bxf5 12. Ne4 h6 13. b3 Nf6 14. Nfd2 Nd4 15. f3 Nh5 16. Rf2 Nxe2 17. Qxe2 Nf4 18. Qf1 Qe7 19. g4 Bd7 20. Bb2 Bc6 21. Rd1 Rf7 22. Nb1 Raf8 23. Bc1 Ne6 24. Nbd2 Qh4 25. Re1 Bxe4 26. dxe4 Rf4 27. Re3 Rxg4 28. Nb1 Rgf4 29. Rc3 Rxe4 30. Nd2 Ref4 31. Qg2 Nc5 32. Nf1 Ne4 33. Bxf4 Nxf2+ 34. Kg1 Nh3+ 35. Kh1 Nxf4 36. Re3 Nxg2 0-1

[Event "Cornella de Llobregat op"]
[Site "Cornella de Llobregat"]
[Date "2017.05.15"]
[Round "5"]
[White "Planella Sanchez, Jordi"]
[Black "Gonzalez Jurado, Jesus"]
[Result "1-0"]
[WhiteElo "2106"]
[BlackElo "1929"]
[PlyCount "105"]
[EventDate "2017.04.03"]
[EventType "swiss"]
[EventRounds "7"]
[EventCountry "ESP"]
[SourceTitle "EXT 2018"]
[Source "ChessBase"]
[SourceDate "2017.10.13"]
[SourceVersion "1"]
[SourceVersionDate "2017.10.13"]
[SourceQuality "1"]

1. e4 d6 2. Bc4 Nf6 3. Nc3 g6 4. d4 Bg7 5. Bf4 0-0 6. Nf3 Nxe4 7. Nxe4 d5 8. Bd3 dxe4 9. Bxe4 c6 10. Qd2 Qb6 11. 0-0 Nd7 12. c3 Nf6 13. Bd3 c5 14. Rfe1 e6 15. dxc5 Qxc5 16. Re5 Qb6 17. Rb5 Qd8 18. Rd1 b6 19. Be5 Ba6 20. Rb4 Bb7 21. Qe2 Bxf3 22. Qxf3 Qd5 23. Be4 Qxe5 24. Bxa8 Qc7 25. Be4 Nxe4 26. Rxe4 Rd8 27. Re3 Rxd1+ 28. Qxd1 Be5 29. h3 Kg7 30. Rd3 Qc4 31. b3 Qf4 32. g3 Qf6 33. Rf3 Qe7 34. Qd3 Qa3 35. Qc2 Qc5 36. Qd3 Qa3 37. Qc2 Qc5 38. Re3 Bf6 39. b4 Qh5 40. Kg2 Qd5+ 41. Kh2 Qd6 42. Rd3 Qc7 43. c4 h5 44. h4 Bxh4 45. c5 bxc5 46. bxc5 Bf6 47. c6 h4 48. Rd7 hxg3+ 49. fxg3 Qe5 50. c7 Bh4 51. Qf2 Bxg3+ 52. Qxg3 Qe2+ 53. Kg1 1-0

[Event "Cornella de Llobregat op"]
[Site "Cornella de Llobregat"]
[Date "2017.04.10"]
[Round "2"]
[White "Salvado Obrero, Ivan"]
[Black "Gonzalez Jurado, Jesus"]
[Result "1-0"]
[WhiteElo "2137"]
[BlackElo "1929"]
[PlyCount "21"]
[EventDate "2017.04.03"]
[EventType "swiss"]
[EventRounds "7"]
[EventCountry "ESP"]
[SourceTitle "EXT 2018"]
[Source "ChessBase"]
[SourceDate "2017.10.13"]
[SourceVersion "1"]
[SourceVersionDate "2017.10.13"]
[SourceQuality "1"]

1. e4 d6 2. d4 Nf6 3. Nc3 g6 4. f4 Bg7 5. Nf3 0-0 6. Bd3 c5 7. dxc5 dxc5 8. e5 Nd5 9. Nxd5 Qxd5 10. Qe2 f5 11. Bc4 1-0

[Event "Cornella Pinol Memorial 4th"]
[Site "Cornella de Llobregat"]
[Date "2016.10.24"]
[Round "5"]
[White "Planella Sanchez, Jordi"]
[Black "Gonzalez Jurado, Jesus"]
[Result "1/2-1/2"]
[WhiteElo "1982"]
[BlackElo "1833"]
[PlyCount "142"]
[EventDate "2016.09.26"]
[EventType "swiss"]
[EventRounds "9"]
[EventCountry "ESP"]
[SourceTitle "EXT 2018"]
[Source "ChessBase"]
[SourceDate "2017.10.13"]
[SourceVersion "1"]
[SourceVersionDate "2017.10.13"]
[SourceQuality "1"]

1. Nf3 d6 2. e4 Nf6 3. Nc3 g6 4. d4 Bg7 5. Bf4 0-0 6. Qd2 c5 7. Bh6 cxd4 8. Nxd4 Nc6 9. Bxg7 Kxg7 10. 0-0-0 Qb6 11. Bc4 Nxd4 12. Qxd4 Qxd4 13. Rxd4 a6 14. Re1 b5 15. Bd5 Rb8 16. a3 Bb7 17. Bxb7 Rxb7 18. f3 Rc8 19. Nd5 Nxd5 20. Rxd5 Rbc7 21. c3 Rc5 22. Red1 Kf6 23. Kc2 Rxd5 24. Rxd5 Rc5 25. Rd1 h5 26. Kb3 Ke6 27. Kb4 Kd7 28. Ka5 Rc6 29. e5 f5 30. exf6 exf6 31. Rd4 f5 32. h4 Kc7 33. Rf4 Kb7 34. Rb4 Kc7 35. g3 d5 36. a4 bxa4 37. Rxa4 Rd6 38. Rd4 Kd7 39. Rf4 Kc7 40. g4 fxg4 41. fxg4 hxg4 42. Rxg4 Kb7 43. Rf4 Kc7 44. Rf7+ Kb8 45. Rh7 Kc8 46. Rh8+ Kb7 47. Rh7+ Kb8 48. Kb4 Rb6+ 49. Ka3 Rd6 50. Kb3 d4 51. Kc2 dxc3 52. bxc3 Rc6 53. Kb3 Rc7 54. Rh8+ Kb7 55. Rg8 Rc6 56. c4 Kb6 57. Rb8+ Kc5 58. Kc3 Rf6 59. Rc8+ Rc6 60. Re8 Rf6 61. Re5+ Kd6 62. Rg5 Kc7 63. Kb4 Rb6+ 64. Ka5 Rc6 65. Kb4 Rf6 66. Rc5+ Kb7 67. Rg5 Rf4 68. Rxg6 Rxh4 69. Rg5 Rh6 70. Rg7+ Kc6 71. Ka5 Rh4 1/2-1/2

[Event "Barcelona Sant Marti op-B 17th"]
[Site "Barcelona"]
[Date "2015.07.20"]
[Round "8"]
[White "Gonzalez Jurado, Jesus"]
[Black "Vicente Soriano, Josep"]
[Result "1-0"]
[WhiteElo "1966"]
[BlackElo "2006"]
[PlyCount "67"]
[EventDate "2015.07.13"]
[EventType "swiss"]
[EventRounds "9"]
[EventCountry "ESP"]
[SourceTitle "EXT 2016"]
[Source "ChessBase"]
[SourceDate "2015.10.08"]
[SourceVersion "1"]
[SourceVersionDate "2015.10.08"]
[SourceQuality "1"]

1. c4 Nf6 2. Nc3 g6 3. g3 Bg7 4. Bg2 e5 5. e4 d6 6. d3 Nc6 7. Nge2 0-0 8. 0-0 Be6 9. Bg5 h6 10. Be3 Kh7 11. h3 Qc8 12. Kh2 Ne7 13. Qd2 c6 14. f4 Qd7 15. g4 Bxg4 16. hxg4 Nxg4+ 17. Kg1 Nxe3 18. Qxe3 exf4 19. Nxf4 c5 20. Qh3 Qc8 21. Qxc8 Raxc8 22. Rab1 Rcd8 23. Ncd5 Bd4+ 24. Kh1 Nc6 25. a3 Kg7 26. Bh3 Rfe8 27. Ne2 Be5 28. Rf3 Rf8 29. b3 b6 30. Rbf1 Nd4 31. Nxd4 Bxd4 32. Nc7 Be5 33. Be6 d5 34. Rxf7+ 1-0

[Event "Barcelona Sant Marti op-B 17th"]
[Site "Barcelona"]
[Date "2015.07.17"]
[Round "5"]
[White "Gonzalez Jurado, Jesus"]
[Black "Gonzalez Martin, Fernando"]
[Result "0-1"]
[WhiteElo "1966"]
[BlackElo "1921"]
[PlyCount "94"]
[EventDate "2015.07.13"]
[EventType "swiss"]
[EventRounds "9"]
[EventCountry "ESP"]
[SourceTitle "EXT 2016"]
[Source "ChessBase"]
[SourceDate "2015.10.08"]
[SourceVersion "1"]
[SourceVersionDate "2015.10.08"]
[SourceQuality "1"]

1. c4 Nf6 2. Nc3 c5 3. g3 Nc6 4. Bg2 b6 5. e4 Bb7 6. d3 e6 7. Nge2 Be7 8. 0-0 0-0 9. f4 Ne8 10. Be3 f5 11. d4 cxd4 12. Nxd4 Nxd4 13. Bxd4 Qc7 14. Qe2 Rc8 15. b3 Bc5 16. Bxc5 Qxc5+ 17. Qf2 Qxf2+ 18. Rxf2 a6 19. exf5 Bxg2 20. Kxg2 Rxf5 21. Ne4 h6 22. Rd1 d5 23. g4 dxe4 24. gxf5 exf5 25. Rd5 g6 26. Rfd2 Rc7 27. Rd7 Rc6 28. Kf2 Re6 29. Ke3 Nf6 30. Rd8+ Kf7 31. h3 g5 32. R2d6 Nh5 33. fxg5 hxg5 34. Rxe6 Kxe6 35. Rh8 Nf6 36. Rb8 Ke5 37. Rxb6 f4+ 38. Kf2 Nd7 39. Rxa6 Nc5 40. Ra5 Kd4 41. Rxc5 Kxc5 42. Ke2 Kd4 43. a4 f3+ 44. Ke1 Kd3 45. c5 e3 46. c6 f2+ 47. Kf1 Kd2 0-1

[Event "Barcelona Sant Marti op-B 15th"]
[Site "Barcelona"]
[Date "2013.07.20"]
[Round "8"]
[White "Gonzalez Jurado, Jesus"]
[Black "Abascal Vicente, Ignacio"]
[Result "1-0"]
[WhiteElo "1844"]
[BlackElo "1715"]
[PlyCount "85"]
[EventDate "2013.07.13"]
[EventType "swiss"]
[EventRounds "9"]
[EventCountry "ESP"]
[SourceTitle "CBM 155 Extra"]
[Source "ChessBase"]
[SourceDate "2013.08.26"]
[SourceVersion "1"]
[SourceVersionDate "2013.08.26"]
[SourceQuality "1"]

1. c4 Nf6 2. Nc3 e6 3. Nf3 d5 4. d4 c6 5. Bg5 h6 6. Bh4 dxc4 7. e4 g5 8. Bg3 b5 9. a4 b4 10. Na2 Nxe4 11. Bxc4 Nxg3 12. hxg3 a5 13. Ne5 Bg7 14. Qf3 Bxe5 15. dxe5 Bb7 16. Rd1 Qe7 17. 0-0 Nd7 18. Qe2 Nb6 19. Bb3 Ba6 20. Qf3 Nd5 21. Rfe1 0-0 22. Qe4 Bb7 23. Nc1 f5 24. exf6 Rxf6 25. Nd3 Raf8 26. f3 Qd6 27. Ne5 Bc8 28. Bc2 Qc7 29. Ng4 Rxf3 30. gxf3 Qxg3+ 31. Kh1 Qh3+ 32. Nh2 Rf4 33. Qh7+ Kf8 34. Qh8+ Ke7 35. Qxc8 Rh4 36. Qxe6+ Qxe6 37. Rxe6+ Kxe6 38. Re1+ Kd6 39. Kg1 Rd4 40. Rd1 Rf4 41. Rd2 h5 42. Kf2 c5 43. Be4 1-0

[Event "Barcelona Sant Marti op-B 15th"]
[Site "Barcelona"]
[Date "2013.07.13"]
[Round "1"]
[White "Gonzalez Jurado, Jesus"]
[Black "Guinjoan Fradera, Joan"]
[Result "1/2-1/2"]
[WhiteElo "1844"]
[BlackElo "1547"]
[PlyCount "56"]
[EventDate "2013.07.13"]
[EventType "swiss"]
[EventRounds "9"]
[EventCountry "ESP"]
[SourceTitle "CBM 155 Extra"]
[Source "ChessBase"]
[SourceDate "2013.08.26"]
[SourceVersion "1"]
[SourceVersionDate "2013.08.26"]
[SourceQuality "1"]

1. c4 c5 2. Nc3 Nc6 3. Nf3 e6 4. d4 cxd4 5. Nxd4 Bb4 6. e3 Nf6 7. Bd2 0-0 8. Be2 a5 9. 0-0 Nxd4 10. exd4 d5 11. c5 Bxc3 12. Bxc3 b6 13. b4 Ne4 14. Be1 axb4 15. Bxb4 bxc5 16. dxc5 Ba6 17. f3 Bxe2 18. Qxe2 Nf6 19. a3 Re8 20. Rfd1 Qd7 21. Rac1 Qc6 22. Qe5 Red8 23. Rd4 h6 24. g4 Nh7 25. h4 f6 26. Qe1 e5 27. Rdd1 d4 28. Qe4 Rdc8 1/2-1/2